00710pam a2200241 a 4500001000800000005001700008008004100025010001700066020001500083020002200098040001800120041000800138080001200146082001600158100000700174101000800181245005900189504003000248906004500278942001200323999001700335952011600352429877120180823080434.0860904s1986 mau b 001 0 eng  a 86047553  a0807029106 a0807029092 (pbk.) aDLCcDLCdDLC aeng a155.63300a155.6332191 a48 apsi10aToward a new psychology of women /cJean Baker Miller. aBibliography: p. 143-150. a7bcbccorignewd1eocipf19gy-gencatlg 2ddccBK c47274d47274 00102lcc40708PËKGa002b002cPËKGd2018-08-23l0o155.633 MILp002-3012141r2018-08-23w2018-08-23yBK